| 000 | 00444nam a2200145 i 4500 | ||
|---|---|---|---|
| 001 | 183803 | ||
| 003 | ES-MaACL | ||
| 005 | 20230906221956.0 | ||
| 008 | 141017s1832 xxk |||| | eng d | ||
| 245 | 0 | 0 | _aOfficial correspondence on the subject of spasmodic cholera in Ireland. |
| 260 |
_aDublin : _bPettigrew & Oulton, _c1832. |
||
| 300 |
_a12, 74 p. ; _c22 cm. |
||
| 650 | 4 |
_aCólera- _zGran Bretaña. _9155160 |
|
| 852 |
_aES-MaACL _jT-493-F-1 |
||
| 999 |
_c183803 _d183803 |
||